EA FC25 TOTS LaLiga - Statistics

General Stats
  • This quiz has been taken 106 times
  • The average score is 23 of 31
Answer Stats
Rate Club Nation Answer % Correct
96 Atletico Madrid France Antoine Griezmann
100%
97 Real Madrid England Jude Bellingham
100%
97 Real Madrid France Kylian Mbappe
100%
97 Barcelona Spain Lamine Yamal
100%
96 Barcelona Spain Pedri
99%
97 Barcelona Brazil Raphinha
98%
95 Barcelona Poland Robert Lewandowski
94%
96 Real Madrid Brazil Vinicius Jr
94%
95 Real Madrid Germany Antonio Rudiger
91%
95 Real Madrid Uruguay Federico Valverde
90%
94 Barcelona France Jules Kounde
90%
95 Athletic Club Spain Nico Williams
88%
95 Real Betis Brazil Antony
84%
95 Atletico Madrid Argentina Julian Alvarez
84%
94 Barcelona Spain Alejandro Balde
81%
92 Real Madrid Belgium Thibaut Courtois
78%
93 Barcelona Spain Pau Cubarsi
74%
93 Atletico Madrid Argentina Rodrigo de Paul
74%
95 Barcelona Spain Inigo Martinez
73%
94 Espanyol Spain Joan Garcia
71%
95 Barcelona Spain Ferran Torres
69%
93 Real Betis Spain Isco
63%
93 Celta Spain Iago Aspas
62%
94 Atletico Madrid Uruguay Jose Gimenez
60%
92 Osasuna Croatia Ante Budimir
44%
91 Rayo Vallecano Romania Andrei Ratiu
42%
92 Sevilla Belgium Dodi Lukebakio
40%
92 Athletic Club Spain Vivian
38%
91 Villarreal Spain Alex Baena
36%
93 Villarreal France Thierno Barry
24%
92 Villarreal Spain Ayoze Perez
23%
No matching quizzes found
Score Distribution
Percent of People with Each Score
Percentile by Number Answered
Your Score History
You have not taken this quiz